Algebra II for Dummies / (Record no. 71524)
[ view plain ]
| 000 -LEADER | |
|---|---|
| fixed length control field | 02144cam a22003855a 4500 |
| 001 - CONTROL NUMBER | |
| control field | 18552554 |
| 003 - CONTROL NUMBER IDENTIFIER | |
| control field | NUST - PNEC |
| 005 - DATE AND TIME OF LATEST TRANSACTION | |
| control field | 20170116181203.0 |
| 008 - FIXED-LENGTH DATA ELEMENTS--GENERAL INFORMATION | |
| fixed length control field | 150402s2015 njua 001 0 eng d |
| 010 ## - LIBRARY OF CONGRESS CONTROL NUMBER | |
| LC control number | 2015937848 |
| 020 ## - INTERNATIONAL STANDARD BOOK NUMBER | |
| International Standard Book Number | 9781119090625 |
| 020 ## - INTERNATIONAL STANDARD BOOK NUMBER | |
| International Standard Book Number | 1119090628 |
| 035 ## - SYSTEM CONTROL NUMBER | |
| System control number | (OCoLC)ocn900793413 |
| 040 ## - CATALOGING SOURCE | |
| Original cataloging agency | BTCTA |
| Language of cataloging | eng |
| Transcribing agency | LIBRARY |
| 042 ## - AUTHENTICATION CODE | |
| Authentication code | lccopycat |
| 082 04 - DEWEY DECIMAL CLASSIFICATION NUMBER | |
| Classification number | 512 STE |
| 100 1# - MAIN ENTRY--PERSONAL NAME | |
| Personal name | Sterling, Mary Jane, |
| Relator term | author. |
| 245 10 - TITLE STATEMENT | |
| Title | Algebra II for Dummies / |
| Statement of responsibility, etc. | by Mary Jane Sterling. |
| 246 3# - VARYING FORM OF TITLE | |
| Title proper/short title | Algebra 2 for dummies |
| 250 ## - EDITION STATEMENT | |
| Edition statement | 2nd Edition. |
| 260 ## - PUBLICATION, DISTRIBUTION, ETC. | |
| Place of publication, distribution, etc. | NJ: |
| Name of publisher, distributor, etc. | Jhon Wiley & Sons, Inc., |
| Date of publication, distribution, etc. | c2015. |
| 300 ## - PHYSICAL DESCRIPTION | |
| Extent | xiv, 388 pages : |
| Other physical details | illustrations ; |
| Dimensions | 24 cm |
| 490 1# - SERIES STATEMENT | |
| Series statement | For dummies |
| 500 ## - GENERAL NOTE | |
| General note | Includes index. |
| 505 0# - FORMATTED CONTENTS NOTE | |
| Formatted contents note | Going beyond beginning algebra -- Toeing the straight line: linear equations -- Conquering quadratic equations -- Rooting out the rational, radical, and negative -- Graphing your way to the good life -- Formulating function facts -- Sketching and interpreting quadratic functions -- Staying ahead of the curves: polynomials -- Reasoning with rational functions -- Exposing exponential and logarithmic functions -- Cutting up conic sections -- Solving systems of linear equations -- Solving systems of nonlinear equations and inequalities -- Simplifying complex numbers in a complex world -- Making moves with matrices -- Making a list: sequences and series -- Everything you wanted to know about sets -- Ten multiplication tricks -- Ten special types of numbers. |
| 520 ## - SUMMARY, ETC. | |
| Summary, etc. | Algebra can evoke anxiety in the best of us. Sterling shows you how to get up to speed on exponential functions, conic sections, matrices, and other advanced concepts. |
| 650 #0 - SUBJECT ADDED ENTRY--TOPICAL TERM | |
| Topical term or geographic name entry element | Algebra. |
| 650 #7 - SUBJECT ADDED ENTRY--TOPICAL TERM | |
| Topical term or geographic name entry element | Algebra. |
| Source of heading or term | fast |
| General subdivision | ME |
| 830 #0 - SERIES ADDED ENTRY--UNIFORM TITLE | |
| Uniform title | --For dummies. |
| 856 ## - ELECTRONIC LOCATION AND ACCESS | |
| Uniform Resource Identifier | <a href="http://www.amazon.com/Algebra-Dummies-Mary-Jane-Sterling/dp/1119090628/ref=sr_1_1?s=books&ie=UTF8&qid=1455784543&sr=1-1&keywords=9781119090625">http://www.amazon.com/Algebra-Dummies-Mary-Jane-Sterling/dp/1119090628/ref=sr_1_1?s=books&ie=UTF8&qid=1455784543&sr=1-1&keywords=9781119090625</a> |
| 906 ## - LOCAL DATA ELEMENT F, LDF (RLIN) | |
| a | 0 |
| b | ibc |
| c | copycat |
| d | 2 |
| e | epcn |
| f | 20 |
| g | y-gencatlg |
| 942 ## - ADDED ENTRY ELEMENTS (KOHA) | |
| Source of classification or shelving scheme | |
| Koha item type | Book |
| Withdrawn status | Lost status | Source of classification or shelving scheme | Materials specified (bound volume or other part) | Damaged status | Not for loan | Permanent Location | Current Location | Shelving location | Date acquired | Source of acquisition | Cost, normal purchase price | Total Checkouts | Full call number | Barcode | Date last seen | Cost, replacement price | Price effective from | Koha item type |
|---|---|---|---|---|---|---|---|---|---|---|---|---|---|---|---|---|---|---|
| paperback | Pakistan Navy Engineering College (PNEC) | Pakistan Navy Engineering College (PNEC) | 12/07/2015 | Siddiqui Enterprises/Reference grant | 1974.00 | 512 STE | PNECLIB-032420 | 02/18/2016 | 1974.00 | 12/07/2015 | Book |
